书目信息 |
| 题名: |
考研英语报刊真题题源阅读精选精练
|
|
| 作者: | 周雷 主编 | |
| 分册: | 基础篇 | |
| 出版信息: | 北京 中国石化出版社 2013.05 |
|
| 页数: | 244页 | |
| 开本: | 26cm | |
| 丛书名: | ||
| 单 册: | ||
| 中图分类: | H319.37 , H310.421 | |
| 科图分类: | ||
| 主题词: | 英语--报刊--阅读教学--研究生--入学考试--升学参考资料 , 英语 , 报刊 , 阅读教学 | |
| 电子资源: | ||
| ISBN: | 978-7-5114-2132-6 | |
| 000 | 01027nam0 2200313 450 | |
| 001 | 012013130259 | |
| 005 | 20130627160420.50 | |
| 010 | @a978-7-5114-2132-6@dCNY30.00 | |
| 100 | @a20130607d2013 em y0chiy0110 ea | |
| 101 | 0 | @achi@aeng |
| 102 | @aCN@b110000 | |
| 105 | @ak z 000yy | |
| 106 | @ar | |
| 200 | 1 | @a考研英语报刊真题题源阅读精选精练@9kao yan ying yu bao kan zhen ti ti yuan yue dou jing xuan jing lian@i基础篇@f周雷主编 |
| 205 | @a2版 | |
| 210 | @a北京@c中国石化出版社@d2013.05 | |
| 215 | @a244页@d26cm | |
| 300 | @a英语一、二通用 | |
| 330 | @a本书介绍英语考研的相关知识,包括:美国重视残疾儿童的教育;经济衰退对学校教育的影响;利用社交网站维护社治安;个性化医疗等内容。 | |
| 333 | @a研究生类教材 | |
| 606 | 0 | @a英语@x报刊@x阅读教学@x研究生@x入学考试@j升学参考资料 |
| 606 | 0 | @a英语 |
| 606 | 0 | @a报刊 |
| 606 | 0 | @a阅读教学 |
| 690 | @aH319.37@v5 | |
| 690 | @aH310.421@v4 | |
| 701 | 0 | @a周雷@9zhou lei@4主编 |
| 801 | 0 | @aCN@b人天书店@c20130607 |
| 905 | @b546792-95@dH310.421@e1580:1=2@f4 | |
| 考研英语报刊真题题源阅读精选精练.基础篇/周雷主编.-2版.-北京:中国石化出版社,2013.05 |
| 244页;26cm |
| 英语一、二通用.-使用对象:研究生类教材 |
| ISBN 978-7-5114-2132-6:CNY30.00 |
| 本书介绍英语考研的相关知识,包括:美国重视残疾儿童的教育;经济衰退对学校教育的影响;利用社交网站维护社治安;个性化医疗等内容。 |
| ● |
| 相关链接 |
|
|
|
|
正题名:考研英语报刊真题题源阅读精选精练
索取号:H310.421/1580:1=2
 
预约/预借
| 序号 | 登录号 | 条形码 | 馆藏地/架位号 | 状态 | 备注 |
| 1 | 546792 | 205467920 | 第二样本阅览室/ [索取号:H310.421/1580:1=2] | 在馆 | |
| 2 | 546793 | 205467939 | 第四借阅区/ [索取号:H310.421/1580:1=2] | 在馆 | |
| 3 | 546794 | 205467948 | 第四借阅区/ [索取号:H310.421/1580:1=2] | 在馆 | |
| 4 | 546795 | 205467957 | 第四借阅区/ [索取号:H310.421/1580:1=2] | 在馆 |